| 000 | 00463cas a2200169 4500 | ||
|---|---|---|---|
| 022 | 0 | _a0163-3384 | |
| 040 | _cDLC | ||
| 082 | 0 | 4 | _a519 KRI 1983 A118 Or. |
| 245 | 0 | 0 | _aDevelopments in statistics. |
| 260 |
_aNew York, _bAcademic Press, _c1978-1983. |
||
| 300 |
_a4 volumes _c24 cm |
||
| 500 | _aEditor: v. 1- P.R. Krishnaiah. | ||
| 650 | 0 | _aMathematical statistics. | |
| 650 | 7 | _aMathematical statistics. | |
| 700 | 1 | _aKrishnaiah, Paruchuri R. | |
| 942 | _cAEDBB | ||
| 999 |
_c20761 _d20761 |
||